Games people play : the psychology of Human Relationships /

Salvato in:
Dettagli Bibliografici
Autore principale: Berne, Eric (Autore)
Natura: Libro
Lingua:inglese
Pubblicazione: New York Ballantine Books 2004
Soggetti:
Tags: Aggiungi Tag
Nessun Tag, puoi essere il primo ad aggiungerne!!

MARC

LEADER 00000nam a22000003a 4500
001 0083875
003 SK-STU
005 20201022081429.7
007 ta
008 201022s ----xo-----e------000-0-----d
020 |a 0-345-41003-3 
040 |a STU  |b slo 
041 0 |a eng 
044 |a xxu 
100 1 |a Berne, Eric  |4 aut 
245 1 0 |a Games people play : the psychology of Human Relationships /  |c aut. Eric Berne 
260 |a New York  |b Ballantine Books  |c 2004 
300 |a 196 s. 
650 0 7 |a sociálna psychológia 
996 |b 284M088443  |c M* 14366-1  |l MMST  |s A  |a 24  |w 0083875_0001